MARC

LEADER 00000nam0a2200000 4500
001 102915
005 20231031113147.0
010 |a 5212004454 
035 |a (RuTPU)RU\TPU\book\110960 
035 |a RU\TPU\book\71494 
090 |a 102915 
100 |a 20061010d1992 m y0rusy50 ca 
101 0 |a rus 
102 |a RU 
105 |a y z 000ab 
200 1 |a Дочь  |f А. Л. Толстая 
210 |a Москва  |c Книга и бизнес  |d 1992 
215 |a 464 с. 
225 1 |a Время и судьбы 
600 1 |a Толстая  |b А. Л.  |g Александра Львовна  |c мемуарист  |c публицист  |f 1884-1979  |c общественный деятель  |c дочь Л. Н. Толстого  |2 stltpush  |3 (RuTPU)RU\TPU\pers\6857 
610 1 |a русская литература 
610 1 |a биографии 
610 1 |a история 
610 1 |a 20 век 
675 |a Р1  |v 3 
700 1 |a Толстая  |b А. Л.  |g Александра Львовна 
801 1 |a RU  |b 63413507  |c 20040913  |g PSBO 
801 2 |a RU  |b 63413507  |c 20061010  |g PSBO 
942 |c BK 
959 |a 118/20040908  |d 1  |e 132,22  |f ХФ:1